Determinants of growth of the fast-growing firms: theoretical approach

Salvato in:
Dettagli Bibliografici
Autore principale: Bažó, Ladislav, 1980-
Altri autori: Staňo, Roman
Natura: Capitolo di libro
Lingua:inglese
Soggetti:
Tags: Aggiungi Tag
Nessun Tag, puoi essere il primo ad aggiungerne!!

MARC

LEADER 00000naa a2200000 4500
001 0197690
005 20240502073335.8
041 0 |a eng 
044 |a SK 
245 1 0 |a Determinants of growth of the fast-growing firms: theoretical approach  |c Ladislav Bažó, Roman Staňo 
610 2 0 |a podnik malý 
610 2 0 |a podnik stredný 
610 2 0 |a podnikanie 
610 2 0 |a riadenie podnikové 
610 2 0 |a riadenie strategické 
610 2 0 |a financie 
610 2 0 |a financovanie 
610 2 0 |a štruktúra organizačná 
100 1 |a Bažó, Ladislav, 1980- 
700 1 |a Staňo, Roman